01002cam a2200301 a 450000100090000000300060000900500170001500800410003201000160007302000150008902000180010403500200012204000390014204300120018105000210019308200210021424500560023526000360029130000210032749000320034850000260038050400560040652001080046265000290057065000460059970000220064583000330066724065009OCoLC20181221111912.0910617s1991 tnu b 000 0 eng  a 91024125 a0840775822 a9780840775825 a(OCoLC)24065009 aDLCcDLCdBTCTAdBAKERdYDXCPdCKL an-us---00aHQ734b.P24 199100a646.7220bH488P00aPassages of marriage /cFrank Minirth ... [et al.]. aNashville :bT. Nelson,cc1991. a335 p. ;c24 cm.1 aMinirth Meier Clinic series a"A Janet Thoma book." aIncludes bibliographical references (p. [333]-335). a"Five growth stages that will take your marriage to greater intimacy and fulfillment"--Jacket subtitle. 0aMarriagezUnited States. 0aCommunication in marriagezUnited States.1 aMinirth, Frank B. 0aMinirth-Meier Clinic series.